00555 2200217 4500001002100000005001700021008004100038020001800079035002500097040001200122082001000134090001600144100002700160245004200187250001100229260003100240300002200271650001900293850001200312990001300324INLIS00000000000755620150706084953.0  a979-523-412-9 a0010-071500000000239 aYOPDYOG a808.1 a808.1 Ali T aALISJAHBANA, S. Takdir aTebaran megac/ S. Takdir Alisjahbana aCet. 4 aJakartabDian Rakyatc1996 a47 hlm. ;c21 cm. aKumpulan sajak aYOPDYOG a040-PK/B